| 000 | 01041nam a2200241Ia 4500 | ||
|---|---|---|---|
| 003 | Ost | ||
| 005 | 20260507075011.0 | ||
| 008 | 260507s9999||||xx |||||||||||||| ||und|| | ||
| 020 | _a9789776274082 | ||
| 040 | _cfsecg | ||
| 041 | _aara | ||
| 082 | _a332.6 | ||
| 100 |
_aشموط، مروان _eمؤلف |
||
| 245 | 0 |
_aأسـس الاستثمار / _c مروان شموط |
|
| 260 |
_aالقاهرة: _bالشركة العربية المتحدة, _c2007 |
||
| 300 |
_a369 صفحة؛ _bإيضاحات ؛ _c24 سم |
||
| 520 | _aالمفاهيم الأساسية للاستثمار و قراراته و أسواقه و أدواته و عقود المشتقات و المخاطر الاستثمارية و إدارة المحافظ الاستثمارية و التحليل الاستثماري و الفني و أخيرا تخطيط الاستثمارات . | ||
| 653 | _aالإستثمار | ||
| 653 | _aالبورصات | ||
| 653 | _aالعقود | ||
| 700 |
_aكنجو، عبود كنجو _eمؤلف ثانوي |
||
| 942 | _cكتاب | ||
| 999 |
_c42159 _d42159 |
||